000 00749nam a2200229Ia 4500
001 1408
003 GE_BSU
008 181216s||||||||xx |||||||||||||| ||und||
020 _a5090028028
040 _cGE_BSU
080 _a681.5(075.8)+004.7(075.8)
100 _aЯмпольский,В.С.
245 _aОсновы автоматики и электронно-вычислительной техники
245 _bУч-е пособие для студ. пед. ин-тов
260 _aМосква
260 _bПросвещение
260 _c1991
300 _a222стр.
541 _h10л.
653 _aОсновы автоматики и электронно-вычислительной техники
942 _cBK
999 _c35547
_d35547